| 000 | 00310nam a22001217a 4500 | ||
|---|---|---|---|
| 020 | _a0026675919 | ||
| 082 |
_222 _a658.5 |
||
| 100 | _aHarms,Henry R and Kroon,Dennis. | ||
| 245 | _aProduction systems technology / | ||
| 260 |
_bGlencoe Mc Graw -Hill, _cc1992 |
||
| 300 |
_a598 p, ; _bNA _c24 cm. |
||
| 942 |
_2ddc _cMAG |
||
| 999 |
_c3735 _d3735 |
||